| 000 -LEADER |
| fixed length control field |
00664nam a22001817a 4500 |
| 020 ## - INTERNATIONAL STANDARD BOOK NUMBER |
| ISBN |
9786214063550 |
| 082 ## - DEWEY DECIMAL CLASSIFICATION NUMBER |
| Classification number |
923.7 |
| Item number |
P1918 2024 |
| 100 ## - MAIN ENTRY--AUTHOR NAME |
| Personal name |
Pangilinan, Michael C. author. |
| 245 ## - TITLE STATEMENT |
| Title |
Life and works of Dr. Jose P. Rizal : a modular approach based on the new CHED curriculum / Michael C. Pangilinan. |
| 250 ## - EDITION STATEMENT |
| Edition statement |
Revised edition. |
| 260 ## - PUBLICATION, DISTRIBUTION, ETC. (IMPRINT) |
| Place of publication |
Manila : |
| Name of publisher |
Mindshapers Co., Inc., |
| Year of publication |
©2024. |
| 300 ## - PHYSICAL DESCRIPTION |
| Number of Pages |
xiii, 386 pages ; |
| Other physical details |
26 cm. |
| 500 ## - GENERAL NOTE |
| General note |
Includes bibliographical references. |
| 650 ## - SUBJECT ADDED ENTRY--TOPICAL TERM |
| Topical Term |
Rizal, José, 1861-1896 -- Biography. |
| 650 ## - SUBJECT ADDED ENTRY--TOPICAL TERM |
| Topical Term |
Rizal, José, 1861-1896 -- Writings. |
| 650 ## - SUBJECT ADDED ENTRY--TOPICAL TERM |
| Topical Term |
Rizal, José, 1861-1896 -- Influence. |
| 942 ## - ADDED ENTRY ELEMENTS (KOHA) |
| Koha item type |
Books |